00526nam a2200193 a 4500001001300000003000900013005001700022008004100039020002300080082001700103100002100120245003800141260004100179300000900220500003500229650003000264650001700294700002100311nice12345678IN_TiNIC20260116014456.0070412s2005 newa grp 000 0 eng  a0761933913 c38000a303.66bDAS1 aDas, Samir Kumar aPeace Processes and Peace Accords aNew Delhi bSage Publications c2005 a315p aincludes index and biblioraphy aPeace-Building-south Asia aPeace-Making1 aDas, Samir Kumar